00598 2200193 4500001002100000005001800021008004100039035002400080090001900104100001100123245008900134250000600223260008700229300002500316650002700341700000600368850001500374999001500389YOGYA-0211000000021520110201081548192 ind  0010-021100000000215 aDEP 364.36 PEN aSofwan aPengkajian dan uji coba standardisasi pola rehabilitasi sosial anak nakal luar panti a- aYogyakartabBalai Penelitian dan Pengembangan Pelayanan Kesejahteraan Sosialc1995 aiii, 30 hlm.; 21 cm. aKejahatan anak/ remaja a- aYOPDYOG[B] a96D0025598